NFL Top 100 Players of 2016 - Statistics

General Stats
  • This quiz has been taken 6 times
  • The average score is 34 of 100
Answer Stats
Spot Pos. Player % Correct
81 QB Alex Smith
100%
1 QB Cam Newton
100%
47 QB Eli Manning
100%
73 S Harrison Smith
100%
83 LB Telvin Smith
100%
2 QB Tom Brady
100%
42 OT Tyron Smith
100%
62 WR Demaryius Thomas
75%
66 S Earl Thomas
75%
3 DE J. J. Watt
75%
23 OT Joe Thomas
75%
9 TE Rob Gronkowski
75%
17 QB Russell Wilson
75%
14 DT Aaron Donald
50%
6 QB Aaron Rodgers
50%
5 RB Adrian Peterson
50%
92 QB Andrew Luck
50%
4 WR Antonio Brown
50%
21 QB Ben Roethlisberger
50%
52 CB Chris Harris Jr.
50%
19 WR DeAndre Hopkins
50%
80 LB Derrick Johnson
50%
33 RB Doug Martin
50%
30 QB Drew Brees
50%
41 RB Le'Veon Bell
50%
7 LB Luke Kuechly
50%
65 CB Marcus Peters
50%
10 WR Odell Beckham Jr.
50%
18 CB Patrick Peterson
50%
91 TE Travis Kelce
50%
15 LB Von Miller
50%
16 WR A. J. Green
25%
89 WR Allen Hurns
25%
31 WR Allen Robinson
25%
67 OT Andrew Whitworth
25%
35 QB Andy Dalton
25%
34 CB Aqib Talib
25%
56 QB Blake Bortles
25%
25 WR Brandon Marshall
25%
71 DE Calais Campbell
25%
88 DE Cameron Heyward
25%
12 QB Carson Palmer
25%
48 DE Chandler Jones
25%
78 RB Chris Ivory
25%
57 LB Clay Matthews
25%
24 CB Darrelle Revis
25%
82 TE Delaine Walker
25%
100 QB Derek Carr
25%
50 RB Devonta Freeman
25%
51 WR Dez Bryant
25%
72 WR Doug Baldwin
25%
74 WR Emmanuel Sanders
25%
55 S Eric Berry
25%
43 DE Ezekiel Ansah
25%
63 DT Gerald McCoy
25%
38 TE Greg Olsen
25%
75 RB Jamaal Charles
25%
98 WR Jarvis Landry
25%
86 RB Jonathan Stewart
25%
77 TE Jordan Reed
25%
11 CB Josh Norman
25%
87 WR Julian Edelman
25%
8 WR Julio Jones
25%
32 S Kam Chancellor
25%
13 DE Khalil Mack
25%
85 QB Kirk Cousins
25%
27 WR Larry Fitzgerald
25%
69 RB LeSean McCoy
25%
37 OG Marshal Yanda
25%
90 RB Matt Forte
25%
59 DE Michael Bennett
25%
95 DT Mike Daniels
25%
39 DE Muhammad Wilkerson
25%
61 LB NaVorro Bowman
25%
40 DT Ndamukong Suh
25%
46 QB Philip Rivers
25%
64 S Rashad Jones
25%
60 S Reggie Nelson
25%
20 CB Richard Sherman
25%
84 LB Tamba Hali
25%
22 RB Todd Gurley
25%
44 TE Tyler Eifert
25%
28 S Tyrann Mathieu
25%
99 DE Cameron Jordan
0%
70 DE Carlos Dunlap
0%
36 LB DeMarcus Ware
0%
49 DT Fletcher Cox
0%
94 TE Gary Barnidge
0%
29 DT Geno Atkins
0%
93 WR Jeremy Maclin
0%
26 LB Justin Houston
0%
58 DT Kawann Short
0%
53 LB Lavonte David
0%
76 DT Linval Joseph
0%
97 OG Richie Incognito
0%
79 C Ryan Kalil
0%
96 WR Sammy Watkins
0%
54 LB Thomas Davis Sr.
0%
68 S T. J. Ward
0%
45 OT Trent Williams
0%
No matching quizzes found
Score Distribution
Percent of People with Each Score
Percentile by Number Answered
Your Score History
You have not taken this quiz